[Event "Biel MTO op 48th"]
[Site "Biel"]
[Date "2015.07.30"]
[Round "10"]
[White "Wagner, Dennis"]
[Black "Dragun, Kamil"]
[Result "1-0"]
[WhiteElo "2569"]
[BlackElo "2585"]
[Annotator "Wagner,D"]
[PlyCount "97"]
[EventDate "2015.07.20"]
[EventType "swiss"]
[EventRounds "11"]
[EventCountry "SUI"]
[SourceTitle "CBM 168"]
[Source "ChessBase"]
[SourceDate "2015.09.14"]
[SourceVersion "1"]
[SourceVersionDate "2015.09.14"]
[SourceQuality "1"]

{The following game was played in the penultimate 10th round at the very
strong Masters tournament in Biel. After an unfortunate loss in the 8th round
against the eventual co-winner of the event I won my next game and was paired
against the young and talented Polish GM Kamil Dragun. It was destined to be
an important encounter determining the final outcome of the tournament...} 1.
d4 Nf6 2. c4 e6 3. Nf3 b6 4. a3 $1 {My main choice here is 4.g3, but inspired
by Petrosian's and Kasparov's games I decided to try something new.} Bb7 {
There are lines with ...Ba6 as well, but the text move is the most solid one.}
5. Nc3 d5 6. cxd5 Nxd5 7. e3 Be7 (7... g6 $5 {is the safest line in my opinion.
}) 8. Bb5+ c6 9. Bd3 Nxc3 10. bxc3 O-O {The first inaccuracy of the game. It's
better to delay castling, because now White gets the opportunity to provoke a
weakness on the wing he intends to attack.} (10... c5 $1 11. O-O Nc6 12. e4 O-O
{and compared to the game Black has a safer kingside.}) 11. Qc2 $1 h6 12. O-O
c5 13. e4 Nc6 (13... Qc8 {The alternative plan of exchanging bishops is not
without its dangers as well, mainly because of the weakness h6.} 14. Qe2 Ba6
15. Rd1 Bxd3 16. Rxd3 $36 {[%cal Ge4e5,Gd3g3]}) 14. Bb2 Rc8 15. Qe2 Na5 16.
Rad1 Qc7 17. Ne5 $1 {I had developed this attacking concept in my preparation,
though it featured in another position. White intends to follow up with
f2-f4-f5 and can activate his rook via f3, while the queen has a clear path to
g4 and h5.} Rfd8 18. f4 Bd6 {Now we approached the first critical moment of
the game. I correctly spent a huge amount of time here, but didn´t come up
with the most energetic continuation.} 19. Qg4 $6 {With hindsight the
attacking plan connected to the rook lift Rf1-f3-g3 is not the most dangerous.}
(19. Qh5 $5 {was the main alternative I considered and is also really
dangerous.} Bxe5 $1 (19... b5 20. Ng4 $1 cxd4 21. cxd4 Nc4 22. Bc1 Bxa3 23.
Nxh6+ gxh6 24. Bxa3 Nxa3 25. Qxh6 Rxd4 (25... f6 26. Rf3 Rd7 27. d5 $40) (25...
Qb6 26. e5 Qxd4+ 27. Kh1 Be4 28. Bxe4 Qxe4 29. Rxd8+ Rxd8 30. Qg5+ $18) 26. Rf3
Rxd3 27. Qg5+ Kh7 28. Rfxd3 Qc5+ 29. Qxc5 Rxc5 30. Rxa3 $18) (19... Qe7 20. Ng4
cxd4 21. cxd4 Bxa3 22. Bxa3 Qxa3 23. f5 exf5 24. Qxf5 $18) (19... f6 20. Ng4
Qf7 21. Qxf7+ Kxf7 22. e5 Be7 23. f5 $16) (19... cxd4 20. cxd4 Bxe5 (20... Nb3
21. Ng4) 21. fxe5 Nb3 (21... Nc4 22. Bxc4 Qxc4 23. Qxf7+) 22. d5 Nc5 23. Bb1) (
19... Nb3 20. Ng4 cxd4 21. cxd4 Bf8 22. Rf3 $40) 20. fxe5 Nb3 $1 {Black needs
to keep the central tension in order not to increase the range of the bishop
on b2.} (20... cxd4 21. cxd4 Nb3 22. Bb1 Ba6 23. Rf2 Na5 24. d5) 21. Bb1 (21.
d5 c4) 21... Rd7 (21... Ba6 22. Rf2 Rd7 23. Bc2 Bc4 24. d5 $36) 22. Ba2 $1 (22.
Rf3 cxd4 23. cxd4 Nxd4 $1) 22... c4 23. Bb1 $40 {Black's position is terrible.}
) (19. Ng4 $1 {Surprisingly, this immediate knight move is really strong, even
though it seems more logical to activate the queen first.} Bxf4 {This seems
critical at first glance, but it does not work.} (19... cxd4 20. cxd4 Nc4 21.
Ba1 $1 {a typical retreat in this game, keeping both bishops and retaining a
strong attack.} Nxa3 (21... Bxa3 22. f5 exf5 23. Rxf5 Nd6 24. Rf2 h5 25. Ne5
$40) (21... h5 22. Ne5 Bxe5 (22... Nxa3 23. Qxh5 $18) 23. fxe5 $40) 22. f5 exf5
23. Rxf5 Nc2 24. Bxc2 Qxc2 25. Nxh6+ gxh6 26. Qg4+ Kf8 27. d5 $18) (19... Qe7
20. e5 Bb8 21. f5 $18) (19... h5 20. Ne5 {This is dangerous enough, although
there are other options.} (20. Nf6+ $5 {also looks threatening.} gxf6 21. Qxh5
f5 22. Qg5+ Kf8 23. exf5 $36 {But maybe Black can hold with} f6 $1 24. Qxf6+
Qf7) 20... g6 (20... Nb3 21. Bb1 $40) 21. Rf3 $1 Bf8 22. Rg3 Bg7 23. Nxg6 $1
fxg6 24. Rxg6 Rf8 25. f5 exf5 26. exf5 $16) 20. e5 $1 Bg5 21. h4 $1 Bxh4 (21...
Be7 22. Nxh6+ gxh6 23. Qg4+ $18) 22. Nxh6+ $1 gxh6 23. Bc1 $1 $18 {An amazing
quiet move.} (23. Qg4+ $5 Bg5 24. Bc1 Qe7 25. Rf6 Qf8 26. Bxg5 hxg5 27. Rdf1
$18) 23... Kf8 (23... Bg5 24. Bxg5 hxg5 25. Qh5 $18) (23... Qc6 24. Qg4+ Kf8 (
24... Kh8 25. Rxf7 Rg8 26. Rh7#) 25. Rxf7+ $18) 24. Qg4 Bg5 25. Bxg5 hxg5 26.
Qh5 $18) 19... Qe7 (19... b5 $5 {would have been possible as well} 20. Rf3 Nc4
21. Ba1 Qe7 22. Rh3 {with complicated double-edged play}) 20. Rf3 cxd4 21. cxd4
Bxe5 22. fxe5 Nc4 23. Bxc4 $2 {Since I evaluated the ensuing position in my
favour I went for this exchange quite quickly, overlooking a much stronger
retreat.} (23. Rg3 $1 $16 Qf8 (23... Qg5 24. Qe2 Nxb2 25. Rxg5 Nxd1 26. Rg3 $18
) (23... g6 24. Ba1 Nxa3 25. d5 Nc4 26. Qf4 Kg7 27. Rf1 $18) 24. Ba1 $1 {
White keeps all his attacking potential and a devastating attack.} Nxa3 25. d5
$1 Re8 (25... Nc4 26. dxe6 fxe6 27. Qxe6+ $18) (25... exd5 26. e6 f6 27. e5 $18
) 26. d6 Red8 27. Qh5 $18) 23... Rxc4 24. Rg3 Qf8 (24... g6 {another try is to
weaken the kingside even further, but keeping the queen more active. I like
White's position anyway. For example:} 25. Qf4 h5 26. Rd2 Rdc8 27. Rf3 Rc2 28.
Rdf2 R8c4 29. Qe3 Qc7 30. d5 Rxf2 31. Rxf2 Qc8 32. Qf3 $40) 25. h4 {Clearing a
safe spot for my king. An interesting situation with opposite coloured-bishops
has arisen. It's really amazing that the engine thinks that Black is
completely fine here, while during the game I was convinced I was better here.
In this case I am bold enough to ignore the naive piece of silicon. White's
position is much easier to play and Black has a tough defence ahead of him.} (
25. Rf1 {It's not a good idea to move the rook away, because I always have to
reckon with an exchange sac.} Rcxd4 $1 {I don't want to give up my most
valuable piece.}) 25... Rdc8 26. Rdd3 $1 {Allowing my bishop to come to c3.} ({
By the way} 26. d5 $2 {runs into} Bxd5 $19) 26... Kh7 27. Bc3 a5 28. Kh2 {
There are so many possiblities in the position, so it doesn't make sense to go
into too much detail. Black has different tries to defend, but everywhere
White can find ways to keep his attack going.} Rd8 ({An example:} 28... Kh8 29.
Qf4 $1 Rd8 (29... Bc6 30. Bd2 Rd8 $2 31. Rxg7 $1 $18 {illustrates well how
careful Black needs to be.}) 30. Rg4 $1 $40 {[%cal Gd3g3] with a nice
regroupment of the White forces.}) 29. Rd2 {I think that one of the important
aspects of the position is the fight evolving around coordination. White tries
to improve his pieces in order to execute the desired d5 break, while Black
has to prevent that. All the time both need to pay attention to keeping their
pieces in harmony.} Ra4 $6 (29... b5 $1 {Black had to use his chance to get
his pawns rolling.} 30. Rf2 $1 {But after this accurate response his defence
is still really nasty.} (30. Bxa5 Rdxd4 $15) (30. Rb2 Rxc3 $1 31. Rxc3 Rxd4 $11
) 30... b4 31. axb4 axb4 32. Bb2 Rdc8 (32... Rd7 33. Qf3 Qe7 34. Rg4 Qe8 35. d5
$36) 33. Rf4 Rc2 34. d5 $3 Rxb2 35. dxe6 Rc7 36. Rgf3 $18) 30. Bb2 Rc4 31. Rb3
(31. Rf2 $5 $40 {[%cal Gd4d5]}) 31... Rc6 $2 {This is just too passive.} (31...
a4 $1 {It was necessary to give up the pawn.} 32. Rf3 $1 {Although White is
well advised not to take it.} (32. Rxb6 $2 Qe7 $132 {Now White is the one
without coordination.}) 32... b5 33. Rf4 b4 34. Rdf2 Rd7 35. d5 $40) 32. a4 {
Black has lost his coordination and White's chances have increased
dramatically.} (32. Rf2 $5 $40 {[%cal Gd4d5]}) 32... Qg8 33. Qe2 {Here and on
the following moves I could have been more energetic and pushed d5 earlier.
But with approaching time trouble I shuffled my pieces around while waiting
for the best opportunity to do it.} (33. d5 $5 Rc4 34. Rd4 exd5 35. Qf5+ g6 36.
Qf6 Bc8 37. h5 $40) 33... Kh8 34. h5 $6 (34. d5 $1 exd5 35. exd5 Rg6 36. h5 Rg5
37. Rxb6 $18) 34... Qe8 35. Rg3 (35. d5 $5) 35... Rcc8 $2 {One last important
mistake. My opponent still handles the position too passively. Afterwards I
finally dare to break in the centre and Black's position soon collapses.} (
35... Rdc8 $1 {had to be tried, after which no immediate breakthrough is in
sight.} 36. d5 (36. Qg4 Qg8 37. d5 Rc4 $1 38. Rd4 Rc2 $132) 36... Rc4 37. Qf3
$36 {keeping the initiative.}) 36. Qg4 Qg8 37. d5 $1 {Finally!} Qh7 38. Rf2 Rc7
39. dxe6 fxe6 40. Qxe6 Qxe4 {The 40th move is over and Black is just lost.} 41.
Qxb6 {It's important that the queen covers f2 from here.} Qh4+ 42. Rh3 Qe7 43.
e6 $1 {At last the bishop on b2 which was "sleeping" for most of the game is
opened upand decides the game with immediate effect.} Rdc8 (43... Rd6 44. Bxg7+
$1) (43... Rc6 44. Bxg7+ $1) 44. Qe3 Rc2 45. Qxh6+ Kg8 46. Bxg7 $1 {The hero
of the game is sacrificed to decide its outcome.} Qxg7 47. Rg3 Qxg3+ 48. Kxg3
R8c3+ 49. Rf3 {Though it was not without mistakes I am still very happy with
this game. It was a very interesting and intense fight. A draw in the last
round against GM Mateusz Bartel secured a great 6th place for me in this
strong open tournament. It was a wonderful time for me in Biel; I am grateful
for the perfect organisation of the event and I look forward to coming back
next year.} 1-0

[Event "NED-chT 9899"]
[Site "Netherlands"]
[Date "1999.02.06"]
[Round "6"]
[White "Winants, Luc"]
[Black "Kabatianski, Alexander"]
[Result "1-0"]
[WhiteElo "2480"]
[BlackElo "2425"]
[Annotator "Winants,L"]
[PlyCount "71"]
[EventDate "1998.??.??"]
[EventType "team"]
[EventRounds "9"]
[EventCountry "NED"]
[SourceTitle "CBM 071"]
[Source "ChessBase"]
[SourceDate "1999.08.01"]
[SourceVersion "1"]
[SourceVersionDate "1999.08.01"]
[SourceQuality "1"]

{[%mdl 640]} 1. d4 Nf6 2. Bg5 {Ce coup n'est certainement pas le plus fort,
mais il permet de quitter les sentiers battus sans trop d'inconvénients. Une
bonne idée quand on entend pas comparer les analyses du club central de Moscou,
avec celles des forêts ardennaises ...} e6 3. e3 c5 {Le plus précis :} ({après
} 3... d5 {les Blancs pourraient obtenir une version améliorée du début
Stonewall} {via} 4. f4 ({ou retourner dans une variante du gambit Dame avec} 4.
c4)) 4. Nf3 Be7 5. Bd3 cxd4 6. exd4 b6 7. O-O Bb7 8. c4 O-O 9. Nc3 d5 $11 10.
Qe2 dxc4 ({Je m'attendais plutôt а} 10... Nc6 {car l'idée d'amener la Dame en
h4 aurait échoué sur une jolie pointe tactique :} 11. cxd5 {forcé} ({après} 11.
Rad1 $2 Nb4 $1 {suivi éventuellement de Fa6 serait très désagréable pour les
Blancs.}) 11... Nxd5 12. Qe4 g6 13. Qh4 $2 ({mieux vaudrait} 13. Bh6) 13...
Nxd4 $3) ({Il n'y a pourtant rien а reprocher а l'échange des pions (} 10...
dxc4 {) puisque les Noirs parviennent au gambit dame accepté avec un temps de
plus (Ff1-d3xc4 au lieu de Ff1xc4)}) 11. Bxc4 Nc6 12. Rad1 {C'est une position
typique où le pion isolé en d4 influence la stratégie de part et d'autre. Les
Blancs commandent plus d'espace : on aperçoit la possibilité d'avancer le Nf3
vers l'avant-poste e5, de construire une batterie Dame-Fou sur la diagonale
b1-h7 ou encore de manoeuvrer les pièces lourdes en direction du flanc-Roi 
(Rd3-h3). C'est pourquoi les Noirs devraient s'efforcer de simplifier les
débats : pour réduire le nombre des assaillants. Les atouts ne manquent pas,
mais ils sont pour la plupart situés sur cases blanches : le Bc8 s'est emparé
de la diagonale b7-g2 et les Cavaliers disposent d'un point d'appui en d5.} h6
$2 {Un affaiblissement inutile : le fantassin devient une cible et la
diagonale b1-h7 encore plus vulérable.} ({La bonne stratégie auarit consisté
dans l'élimination du Nc3 et de l'attaque du triangle c4-d5-e4. Supposons :} 
12... Nb4 13. Ne5 Rc8 $1 {pour accroître la pression sur la colonne -c- et
garder un oeil sur la Rd1 aussi longtemps que possible.} (13... Nbd5 $2 14. Rd3
$1) 14. a3 (14. Nxf7 $2 Rxf7 15. Bxe6 Ba6 {les Noirs prennent le dessus}) (14.
f4 $6 Nfd5 15. Bxe7 Qxe7 16. f5 exf5 17. Rxf5 Nxc3 (17... f6 $2 18. a3 $1) 18.
bxc3 Bd5 $1 {les Blancs ont trop de points faibles et pas d'attaque}) 14...
Nbd5 15. Nxd5 ({si} 15. Rd3 Nxc3 16. bxc3 Rxc4 $3 {а l'avantage des Noirs.})
15... Nxd5 16. Bc1 Nf6 {avec des chances partagées.}) 13. Bc1 (13. Bh4 $5 Nb4 (
{sur} 13... Nh5 $2 14. d5 $3 {exploite la mauvaise position des pièces noires.}
) 14. Ne5 {était également jouable, mais je voulais garder le pion h6 en point
de mire.}) 13... Re8 14. a3 Bf8 15. Ba2 Rc8 16. Rfe1 {Toutes les pièces
étaient en place et l'assaut pouvait donc commencé.} Ne7 17. Ne5 {Menaçant 18.
Nxf7 !} Ned5 18. Qd3 {Pour continuer par Bb1 et asséner le mat en h7 après
l'échange des Cavaliers défensifs (Ng4!).} Qc7 19. Nb5 Qb8 20. Bb1 {Tout se
déroule comme prévu : les Blancs projettent encore Nc3 suivi de Ng4 avec une
attaque décisive. Notez que la présence du pion en h6 ne permettait plus la
formation d'une barricade (f7-g6-h7).} Be7 $2 {La faute décisive.} (20... Rxc1
$2 {ne convenait pas non plus :} 21. Rxc1 Nf4 22. Qc2 Nxg2 ({ou d'abord} 22...
Rc8 23. Nc3) 23. Nd7 $3 {et les Blancs gagnent.}) ({Mais il fallait
impérativement empêcher le Nb5 de retourner а son poste via} 20... Ba6 $1) 21.
Bxh6 {J'ai effectué ce sacrifice sans trop réflechir, convaincu qu'il devait
mener а Rome d'une façon ou d'une autre.} ({Or comme je l'ai constaté plus
tard, il y avait encore une méthode plus efficace :} 21. Nd7 $1 Qa8 22. Bxh6
gxh6 23. Rxe6 $3 {et les Blancs gagnent dans toutes les variantes :} Rc6 (23...
fxe6 24. Qg6+ Kh8 25. Ne5 Rf8 26. Qxh6+ Kg8 27. Rd3 {avec mat imminent}) (23...
a6 24. Qg3+ Kh8 25. Qh4 Kg7 26. Nd6 $3 Bxd6 ({sur} 26... fxe6 27. Qg3+ Ng4 28.
Qd3 $1 {force le mat}) 27. Rxf6 Nxf6 28. Qxf6+ Kg8 29. Qxh6 f5 30. Bxf5 {
et le mat reste imparable}) 24. Re5 $1 {(menaçant 25.Rxd5 !)} Rcc8 25. Rh5 Bf8
26. Rxd5 Bxd5 27. Nxf6+ Kg7 28. Nh5+ Kg8 29. Qh7#) 21... gxh6 22. Qg3+ Kf8 23.
Qh4 $2 (23. Bg6 $1 {ne m'avait échappé mais je pensais que le coup joué était
encore plus méchant.. A tort comme nous le verrons.}) 23... h5 24. Qg5 Bd6 25.
Bf5 $1 {"La pointe" : je supposais que la disparition du pion e6 devait faire
du Roi noir une proie facile.} (25. Qh6+ {ne menait а rien après} Ke7 26. Qg7
Rf8 ({non pas} 26... Bxe5 27. dxe5 Rg8 28. exf6+ Nxf6 29. Rxe6+ $3) 27. Ng6+
Kd7 {etc.}) 25... exf5 $1 {Le seul coup juste. Supposons :} ({I.} 25... Ke7 26.
Qg7 Rf8 (26... Bxe5 27. dxe5 Ng4 28. Nd6 Rf8 29. Bg6) 27. Nc6+ $3 Rxc6 28.
Rxe6+ Kd8 29. Rxd6+ Rxd6 30. Qxf8+ Ne8 31. Re1 {les Blancs gagnent.}) ({II.} 
25... a6 26. Nxd6 Qxd6 27. Qh6+ Kg8 (27... Ke7 28. Qg7 Rf8 29. Bxe6 $1) 28. Bg6
Re7 29. Bxf7+ $1 Rxf7 30. Qh8+ $3 Kxh8 31. Nxf7+ Kg7 32. Nxd6 {avec un
avantage décisif.}) (25... Re7 26. Qh6+ Kg8 27. Nxd6 Qxd6 28. Rd3 exf5 29. Rg3+
Ng4 30. Qxd6 {et les Noirs sont perdus.}) 26. Nd7+ $1 Nxd7 27. Qh6+ Kg8 28.
Nxd6 ({Je n'avais évidemment pas sacrifié tout cela pour me contenter de
l'échec perpétuel (} 28. Qg5+ Kf8 29. Qh6+ {). Maintenant après 28. Nxd6 les
Blancs menacent 29.Nxf5 suivi du mat en g7}) 28... Qxd6 $2 {Que pouvait-on
jouer d'autre ?} ({Le Maître international Fred Van der Vliet qui commentait
cette partie pour la revue néerlandaise SchaakNieuws, pensait que les Noirs
pouvaient obtenir la nullité via} 28... Rxe1+ $2 29. Rxe1 Rc6 {pourtant après}
30. Qg5+ Kf8 31. Qxh5 $1 {les menaces de mat en f7 et h8 gagnent sur-le-champ !
}) ({Une autre défense qui ne fonctionne pas :} 28... Rxe1+ 29. Rxe1 Nf8 30.
Nxf5 Ne6 31. Rxe6 $1 Rc1+ 32. Qxc1 fxe6 33. Qg5+ Kf8 34. Qg7+ Ke8 35. Qg8+ {
et la Dame est prise.}) ({Ainsi la seule façon de sauver la partie était} 28...
N7f6 $3 29. Qg5+ ({l'astuce étant que} 29. Nxf5 $4 {serait réfuté par} Qxh2+ $3
) 29... Kh8 ({ou} 29... Kf8 {immédiatement}) 30. Qh6+ (30. Nxf5 $2 Rg8 31. Qh6+
Nh7) 30... Kg8 ({si} 30... Nh7 $2 31. Nxf7+ Kg8 32. Qg6+ Kf8 33. Nh6 {gagne.})
31. Qg5+ Kf8 32. Qh6+ ({non pas} 32. Nxf5 $2 Re6 $1 {et le Roi s'enfuit par la
colonne -e-.}) 32... Kg8 33. Qg5+ {échec perpétuel.}) 29. Qxd6 N7f6 {Le Maître
russe espérait évidemment que les trois pièces parviennent а compenser la
perte de la Dame, mais le Roi noir est trop exposé.} 30. Qg3+ Kf8 31. Qg5 Rxe1+
32. Rxe1 f4 33. h3 {Pour continuer par 34. Dh6+ et puis 35.Te5-g5} Re8 34. Qh6+
Kg8 35. Re5 Rxe5 36. dxe5 {Et dans cette position désespérée pour eux les
Noirs dépassèrent le temps de réflexion autorisé.} 1-0

[Event "EU-ch U21"]
[Site "Groningen"]
[Date "1985.12.22"]
[Round "5"]
[White "Khalifman, Alexander"]
[Black "Blatny, Pavel"]
[Result "1-0"]
[WhiteElo "2485"]
[BlackElo "2395"]
[Annotator "Witkowski,S"]
[PlyCount "77"]
[EventDate "1985.12.18"]
[EventType "swiss"]
[EventRounds "13"]
[EventCountry "NED"]
[SourceTitle "EXT 2000"]
[Source "ChessBase"]
[SourceDate "1999.11.16"]
[SourceVersion "1"]
[SourceVersionDate "1999.11.16"]
[SourceQuality "1"]

1. d4 Nf6 2. Nf3 e6 3. c4 b6 4. Nc3 Bb7 5. a3 d5 6. cxd5 Nxd5 7. Qc2 (7. Qa4+
Nd7 8. Nxd5 exd5 (8... Bxd5 $1) 9. Bf4 c6 10. Rc1 Be7 11. g3 O-O 12. Bh3 Bf6
13. Rxc6 $1 $16 {[Khalifman - Lerner, Moskau 1985]}) 7... c5 8. e4 $1 (8. dxc5
Bxc5 9. Bg5 Qc8 10. Rc1 h6 11. Bh4 $1 O-O 12. Nxd5 exd5 13. e3 {[Yussupov -
Chernin, Tunis 1985]}) 8... Nxc3 9. bxc3 Nd7 10. Bf4 cxd4 (10... Rc8 $6 11. Bb5
Be7 12. Ne5 $16) 11. cxd4 Rc8 12. Qb3 (12. Qa4 a6 {/\ b5} (12... Bxe4 13. Ba6 (
13. Bb5 $1))) 12... Be7 13. Bd3 O-O 14. O-O Nf6 (14... Nb8 $5) 15. Rfe1 Nh5 $5
16. Bd2 g5 $5 17. Rad1 Ng7 18. Bb1 f5 19. d5 $1 (19. exf5 Bd5 $1 20. Qd3 exf5
$15) 19... exd5 $2 (19... fxe4 $1 20. Bxe4 exd5 21. Bxg5 Bxg5 22. Bxd5+ Bxd5
23. Rxd5 Rc3 $3 24. Qa2 (24. Qd1 Qf6 25. Rxg5 Rxa3 26. Qd5+ Qf7 27. Re7 Ra1+
28. Ne1 Kh8 $3) 24... Rc2 $1 $10) 20. exf5 Bf6 21. Qd3 h6 22. Ne5 d4 23. Bb4 $1
Qd5 (23... Re8 $6 24. Ng4 $1) 24. Qf1 $1 Bxe5 25. Be4 Qxe4 (25... Qd7 26. Bxb7
Qxb7 27. Bxf8 $16) 26. Rxe4 Bxe4 27. Bxf8 Rxf8 28. Re1 Re8 29. Rxe4 Bxh2+ 30.
Kxh2 Rxe4 31. Qc4+ Kf8 32. f3 Rf4 (32... Re8 33. Qxd4) 33. Qc8+ Kf7 34. g4 Ne8
35. Qe6+ Kf8 36. Qxh6+ Kf7 37. Kg3 d3 38. Qe6+ Kf8 39. Qd7 1-0